000
00276nam a22000977a 4500
008
221104b |||||||| |||| 00| 0 eng d
020
_a
9789353333119
100
_a
Prabhudesai Devendra
_9
7615
245
_a
A Biography of Rahul Dravid
260
_a
New Delhi
_b
Rupa Publications
_c
2022
999
_c
12128
_d
12128